000 00623nam a2200193 4500
001 122748
003 ES-MaACL
005 20230906192033.0
007 t|
008 070214s1973 ag r ||||1| spa d
245 0 3 _aEl proceso ideológico /
_cClaude Levi-Strauss... [et al.] ; selección preparada por Eliseo Verón ; traducción Noelia Bastard.
250 _a2ª ed.
260 _aBuenos Aires :
_bNueva Visión,
_c1973.
300 _a293 p. ;
_c23 cm.
700 1 _aVerón, Eliseo.
_9114192
700 1 _aBastard, Noelia.
_926343
700 1 _aLévi-Strauss, Claude.
_971961
852 _aES-MaACL
_jE-9378
_bR.94056
999 _c122748
_d122748